[Event "Bhopal GM Open 2019"]
[Site "Bhopal"]
[Date "2019.12.27"]
[Round "9.12"]
[White "Khusenkhojaev, Muhammad"]
[Black "Rathore, S.K."]
[Result "1-0"]
[WhiteElo "2427"]
[BlackElo "1939"]
[Annotator "TA"]
[PlyCount "123"]
[EventDate "2019.12.21"]
[EventType "swiss"]
[EventCountry "IND"]
[SourceTitle "playchess.com"]
[Source "ChessBase"]
[SourceQuality "1"]

{[%evp 17,131,37,40,27,30,26,73,80,77,62,70,68,84,58,92,66,65,54,64,48,58,24,35,31,54,50,56,56,43,44,58,12,59,65,56,34,49,13,28,-7,0,-47,0,0,0,0,25,24,36,12,12,15,41,21,20,0,18,0,49,0,7,16,12,0,0,4,5,0,22,0,5,0,0,0,0,0,0,0,0,0,0,-29,-1,-1,0,-14,0,0,0,-39,-13,-19,0,0,-7,-13,0,0,666,658,665,653,651,651,609,331,272,258,244,235,206,170,770,685,29996,29997]} 1. Nf3 Nf6 2. c4 e6 3. g3 d5 4. d4 Bb4+ 5. Bd2 Bxd2+ 6. Nbxd2 O-O 7. Qc2 Nbd7 8. Bg2 c6 9. O-O Qe7 10. e4 {E11: Bogo-Indian} dxe4 11. Nxe4 Nxe4 (11... e5 12. Rae1 exd4 13. Nxd4 Nc5 14. Nc3 Qd8 15. Rd1 Qb6 16. b3 Bg4 17. f3 Bh5 {1-0 (38) Wang,Y (2709)-Benidze,D (2514) Shenzhen 2011}) 12. Qxe4 {White is better.} Nf6 13. Qe2 Rd8 14. Rad1 Qc7 15. Rfe1 $146 ({Predecessor:} 15. Ne5 Nd7 16. c5 Nxe5 17. dxe5 Bd7 {1-0 (38) Vatsal,S (2106)-Nguyen,L (1565) Bangkog 2018}) 15... Bd7 16. Rd2 Be8 17. Red1 Rab8 18. b3 a5 19. c5 Nd5 {Black wants to play ...Nc3.} 20. Rc1 Ra8 21. Ne5 a4 22. Nc4 axb3 23. axb3 Ne7 24. h4 Ra7 25. Be4 Rda8 26. Bb1 Nd5 27. h5 Qe7 28. f4 Ra1 29. Qe1 Kh8 30. Be4 Rxc1 31. Qxc1 g5 32. hxg6 hxg6 33. Bf3 Kg8 34. Qe1 Qf6 35. Nd6 Bd7 36. Kf2 Ra3 37. Qb1 Qd8 38. Nc4 Ra7 39. Qc1 Qa8 40. Qb1 Kg7 41. Ne5 Be8 42. Nc4 f6 43. Qe1 Bf7 44. Bxd5 Ra1 45. Rd1 Ra2+ 46. Rd2 Ra1 47. Nb6 Qa3 48. Nc4 Qa8 49. Qe2 cxd5 50. Ne3 $1 Qh8 51. Rd1 Ra3 52. Qb2 Qa8 53. Rd2 g5 54. f5 Qa5 55. Re2 Ra1 56. b4 Qa4 57. b5 $36 {[%mdl 2048] White has some pressure.} Be8 $2 {[%mdl 8192] [#]} (57... Bh5 $11 58. Rd2 Rh1) 58. c6 $1 $18 Rh1 59. Kg2 Rh8 60. cxb7 Bd7 {and the idea ...Rb8 leaves Black hopeful.} 61. Qc3 {Qc5 is the strong threat.} exf5 {[#]} 62. g4 {Played: Qc3-c7} 1-0

[Event "Bhopal GM Open 2019"]
[Site "Bhopal"]
[Date "2019.12.27"]
[Round "9.13"]
[White "Jain Kashish Manoj"]
[Black "Bharat Kumar Reddy Poluri"]
[Result "1-0"]
[WhiteElo "1934"]
[BlackElo "2337"]
[Annotator "TA"]
[PlyCount "139"]
[EventDate "2019.12.21"]
[EventType "swiss"]
[EventCountry "IND"]
[SourceTitle "playchess.com"]
[Source "ChessBase"]
[SourceQuality "1"]

{[%evp 17,139,0,6,0,15,0,6,-18,-25,-56,-57,-60,-63,-181,-177,-189,-161,-186,-52,-89,-130,-120,-113,-178,207,207,207,207,207,207,200,200,198,196,184,171,175,181,178,165,171,163,179,183,264,192,305,310,330,337,324,328,306,327,160,292,298,289,274,240,253,238,250,232,314,306,310,319,293,314,573,573,709,702,687,677,930,1150,1266,1195,3403,1931,5414,5116,29985,29986,29986,29987,29987,29988,29988,29983,29983,29984,29984,29980,29980,29981,29981,29982,29985,29984,29980,6150,29978,29967,29975,29969,6079,0,29984,29985,29985,29985,29988,29989,29989,29990,29990,29991,29991,29992,29992,29993]} 1. e4 e6 2. d4 d5 3. Nc3 Bb4 4. e5 c5 5. a3 Bxc3+ 6. bxc3 Qa5 7. Bd2 Qa4 8. Qg4 Kf8 9. Nf3 Ne7 10. Be2 {C18: French: 3 Nc3 Bb4: Main line: 7 h4 and 7 Qg4} (10. Bd3 h6 11. O-O b6 12. h3 Nd7 13. Be3 c4 14. Be2 Qxc2 15. Rfc1 Qxe2 {0-1 (15) Wei,Y (2739)-Ivanchuk,V (2729) Medias 2017}) 10... h6 11. O-O b6 12. Ra2 {The position is equal.} Ba6 13. Bxa6 Nxa6 14. Nh4 $146 ({Predecessor:} 14. Qh3 Rc8 15. Rc1 Kg8 16. g3 Nf5 {0-1 (29) Wilshusen,H (1648)-Emrich,E (2005) GER email 2011}) 14... Rc8 15. f4 (15. h3 $15) 15... g6 $1 $19 (15... cxd4 $2 16. f5 $18) 16. f5 exf5 (16... gxf5 17. Qf4 $17) 17. Qg3 Qc4 (17... cxd4 18. e6 $1 $17 {[%mdl 512]}) (17... Nc7 $19 18. Nf3 Ne6) 18. Raa1 {next e6! is good for White.} cxd4 {Threatens to win with ...Nc5.} 19. e6 dxc3 20. Bf4 (20. Be3 $17) 20... g5 $4 {[%mdl 8192] [#]} (20... Nc5 $1 $19 {[%cal Rc5e4] and all is fine. Hoping for ...Ne4.} 21. Bd6 Qd4+ 22. Kh1 Ne4) 21. Nxf5 $1 $18 {[%mdl 512]} Nxf5 22. Bd6+ $1 Nxd6 23. Qxd6+ Kg8 (23... Kg7 24. Qe5+ (24. Rxf7+ Kg6 $11) 24... Kg8 25. exf7+ Kh7 26. Qf5+ Kg7 27. Qf6+ Kh7 28. Rae1 $18) 24. exf7+ Kh7 {...Qc5+ is the strong threat.} 25. f8=N+ Rhxf8 26. Rxf8 $40 {[%mdl 128] White threatens Qe7+ and mate. White goes for the king.} Qc5+ 27. Qxc5 Rxc5 {[%mdl 4096] Endgame KRR-KRN} 28. Rf7+ Kg6 29. Rxa7 Nc7 30. Rb7 b5 (30... Kf5 $142 31. Rf1+ Ke5 32. Re1+ (32. Rxb6 d4 $16) 32... Kf5 33. Rxb6 Nb5) 31. Kf2 Kf5 (31... d4 $142 32. Rb6+ Kf7 33. Rxh6 Rf5+ 34. Ke2 Ne6 35. Rh7+ Kg6) 32. Ke3 Ne6 {intending ...d4+.} 33. Rb1 d4+ 34. Kd3 Nf4+ 35. Kxd4 Rc4+ 36. Ke3 Nxg2+ 37. Kf2 Nf4 38. R7xb5+ Kg4 39. R1b4 Rc8 40. Ke3 Re8+ 41. Kd4 Kh3 42. Kxc3 Kxh2 43. a4 Kg3 $2 (43... Rf8 {is a better defense.} 44. Kd4 g4) 44. a5 g4 45. a6 Ra8 46. Ra4 h5 47. a7 h4 48. Kd2 h3 49. Rb3+ Kh4 50. Rb8 h2 51. Rxa8 h1=Q 52. Rh8+ {[%mdl 64] Skewer} Nh5 53. a8=Q Qh2+ 54. Kc1 Qg1+ 55. Kb2 Qb6+ 56. Ka2 Qe6+ 57. Ka3 $1 Qe3+ 58. Kb4 $1 Qd4+ 59. Kb5 Qe5+ 60. Kb6 (60. Kc4 $142 Kg3 61. Ra3+ Kf2 62. Qa7+ Kg2 63. Qb7+ Kf2 64. Qb6+ Kg2 65. Qc6+ Kf2 66. Rf8+ Nf4 67. Qc5+ Qxc5+ 68. Kxc5) 60... Qf6+ 61. Ka7 Qf2+ 62. Ka6 Qf6+ {[#]} 63. Kb5 $2 (63. Kb7 $1 $18 {Intending Qe8 and mate.} Qf3+ 64. Kb6 Qe3+ 65. Kb5 Qe5+ 66. Kc4 Qc7+ 67. Kb3 Qf7+ 68. Ka3 Qe7+ {[#]} 69. Rb4 $1 {[%mdl 512]} Qe3+ 70. Ka2) 63... Qb2+ $4 {[%mdl 8192] [#]} (63... Qe5+ $11 64. Kc4 Kg3 65. Ra3+ Kf2 66. Rxh5 Qc7+ 67. Rc5 Qf7+ 68. Rd5 Qc7+ 69. Kb5 Qf4) 64. Rb4 $1 {White mates.} Qe5+ 65. Kc4 Qe2+ 66. Kb3 Qe6+ 67. Ka3 Qe3+ 68. Ka2 Qe6+ 69. Rb3 g3 70. Qh1+ {Accuracy: White = 75%, Black = 42%.} 1-0

[Event "Bhopal GM Open 2019"]
[Site "Bhopal"]
[Date "2019.12.27"]
[Round "9.14"]
[White "Varun, Vij"]
[Black "Sreehith Reddy R"]
[Result "1-0"]
[WhiteElo "1964"]
[BlackElo "1865"]
[Annotator "NA RC"]
[PlyCount "95"]
[EventDate "2019.12.21"]
[EventType "swiss"]
[EventCountry "IND"]
[SourceTitle "playchess.com"]
[Source "ChessBase"]
[SourceQuality "1"]
[TimeControl "5400+30"]

1. d4 {[%emt 0:00:00]} Nf6 {[%emt 0:00:00]} 2. Nf3 {[%emt 0:00:00]} g6 {[%emt 0:00:00]} 3. g3 {[%emt 0:00:02]} Bg7 {[%emt 0:00:00]} 4. Bg2 {[%emt 0:00:06]} O-O {[%emt 0:00:21]} 5. O-O {[%emt 0:00:06]} d6 {[%emt 0:01:13]} 6. c4 {[%emt 0:01:42]} Nc6 {[%emt 0:00:43]} 7. Nc3 {[%emt 0:00:07]} a6 {[%emt 0:00:08]} 8. h3 {[%emt 0:00:20]} Bd7 {[%emt 0:00:09]} 9. e4 {[%emt 0:00:18]} e5 {[%emt 0:01:35] E63: King's Indian: Fianchetto: Panno Variation with 7...a6} 10. dxe5 {[%emt 0:00:06]} Nxe5 {[%emt 0:00:37]} (10... dxe5 11. Be3 Be6 12. Qa4 h6 13. Rad1 Qb8 14. Rfe1 Rd8 15. c5 Qa7 16. b4 Rac8 17. a3 Qb8 18. Qc2 Rxd1 19. Rxd1 {0-1 (58) Khismatullin,D (2634)-Fedoseev,V (2707) Satka 2018}) 11. c5 {[%emt 0:02:42]} Ne8 {[%emt 0:21:16]} 12. Nxe5 {[%emt 0:14:32]} dxe5 {[%emt 0:03:19]} 13. Kh2 $146 {[%emt 0:01:03]} ({Predecessor:} 13. Qb3 Qc8 14. Nd5 Kh8 15. Kh2 Be6 16. Qc2 f5 17. exf5 gxf5 {1-0 (27) Grossi,R (1888)-Harman,K (1806) ICCF email 2014}) 13... h6 {[%emt 0:13:42]} 14. Qb3 {[%emt 0:02:34]} Qb8 {[%emt 0:04:30]} 15. Be3 {[%emt 0:01:44]} Be6 {[%emt 0:00:29]} 16. Qc2 {[%emt 0:01:48]} c6 {[%emt 0:01:35]} 17. b4 {[%emt 0:07:36]} Nc7 {[%emt 0:02:20]} 18. a4 {[%emt 0:00:42]} Qe8 {[%emt 0:00:44]} 19. Rfd1 {[%emt 0:03:06]} f5 {[%emt 0:04:09]} 20. exf5 {[%emt 0:01:53]} gxf5 {[%emt 0:00:23]} 21. Rd6 {[%emt 0:02:08]} Qf7 {[%emt 0:07:53]} 22. f4 {[%emt 0:02:07]} e4 {[%emt 0:02:21]} 23. Bd4 {[%emt 0:01:59]} Bxd4 {[%emt 0:00:54]} 24. Rxd4 {[%emt 0:00:02]} Nd5 {[%emt 0:05:00]} 25. Nxd5 {[%emt 0:00:15]} Bxd5 {[%emt 0:00:14]} 26. Qd2 {[%emt 0:01:24]} Qg7 {[%emt 0:01:24]} 27. Ra3 {[%emt 0:02:32]} Kh8 {[%emt 0:09:56]} 28. g4 {[%emt 0:06:37]} Rg8 {[%emt 0:01:05]} 29. Rg3 {[%emt 0:01:15]} Qf6 {[%emt 0:06:10]} 30. Qe3 {[%emt 0:02:29]} Raf8 {[%emt 0:01:11]} 31. gxf5 {[%emt 0:02:30]} Rxg3 {[%emt 0:00:30]} 32. Kxg3 Qxf5 {[%emt 0:09:31]} 33. Bxe4 {[%emt 0:02:53]} Rg8+ {[%emt 0:01:25]} 34. Kh2 {[%emt 0:05:44]} Qe6 {[%emt 0:01:02]} 35. Qf3 {[%emt 0:00:23]} Bxe4 {[%emt 0:00:41]} 36. Rxe4 {[%emt 0:00:21]} Qa2+ {[%emt 0:00:40]} 37. Re2 {[%emt 0:00:58]} Qf7 {[%emt 0:00:26]} 38. Qc3+ {[%emt 0:00:33]} Rg7 {[%emt 0:00:19]} 39. Qe5 {[%emt 0:00:17]} Kh7 {[%emt 0:00:53]} 40. Qe4+ {[%emt 0:00:09]} Kg8 {[%emt 0:00:31]} 41. Qe6 {[%emt 0:05:12]} Kh7 {[%emt 0:00:37]} 42. Qxf7 {[%emt 0:00:09]} Rxf7 {[%emt 0:00:02]} 43. Kg3 {[%emt 0:00:13]} Kg7 {[%emt 0:00:41]} 44. Re6 {[%emt 0:00:21]} Rd7 {[%emt 0:00:20]} 45. Kg4 {[%emt 0:00:25]} Rf7 46. f5 {[%emt 0:01:32]} Rd7 {[%emt 0:01:13]} 47. Rd6 {[%emt 0:00:19]} Rf7 {[%emt 0:00:34]} 48. Kf4 $18 {[%emt 0:00:13]} 1-0

[Event "Bhopal GM Open 2019"]
[Site "Bhopal"]
[Date "2019.12.27"]
[Round "9.15"]
[White "Ilamparthi A R"]
[Black "Ziatdinov, Raset"]
[Result "0-1"]
[WhiteElo "1852"]
[BlackElo "2204"]
[Annotator "TA"]
[PlyCount "69"]
[EventDate "2019.12.21"]
[EventType "swiss"]
[EventCountry "IND"]
[SourceTitle "playchess.com"]
[Source "ChessBase"]
[SourceQuality "1"]

{[%evp 9,69,35,44,33,40,45,32,38,44,16,54,22,45,0,0,0,30,0,0,0,0,0,0,0,-5,-113,-118,-143,-112,-124,0,-19,0,0,0,-7,0,-12,-14,-14,-10,-10,-10,-16,8,8,2,8,4,0,8,0,0,0,0,-25,-36,-20,-15,-94,-43,-53]} 1. Nf3 Nf6 2. g3 d5 3. Bg2 Nc6 4. d4 e6 5. O-O b5 6. b3 {D02: 1 d4 d5 2 Nf3 sidelines, including 2...Nf6 3 g3 and 2...Nf6 3 Bf4} (6. a4 b4 7. c4 bxc3 8. Nxc3 a6 9. Bg5 Be7 10. Rc1 Bb7 11. a5 O-O 12. Qa4 Rb8 13. e3 Ba8 14. Rc2 h6 {½-½ (14) Friedel,J (2536)-Prasanna Raghuram,R (2455) Rockville 2017}) 6... Be7 7. c4 bxc4 $146 ({Predecessor:} 7... Ba6 8. cxd5 Nxd5 9. Bb2 h6 10. Nc3 Qd7 11. Rc1 g5 12. Nxd5 Qxd5 13. Ne5 Qxg2+ 14. Kxg2 Nxe5 15. dxe5 O-O 16. Qc2 Bb7+ 17. f3 Bd5 18. Qxc7 {1-0 (18) Huth,O (1854)-Kympl,T Prague 2008}) 8. bxc4 {White is slightly better.} Rb8 9. Nc3 Bb4 10. Bd2 dxc4 11. Rb1 O-O ({Reject} 11... Nxd4 $6 12. Nxd4 Qxd4 13. a3 $1 $16 {[%mdl 512]}) 12. e3 Qd6 13. Ne5 Nxe5 14. dxe5 Qxe5 {[#] With the idea ...c5.} 15. a3 $1 {[%mdl 512]} c5 (15... Bxa3 16. Rxb8) 16. axb4 cxb4 17. Ne2 {[#]} (17. Na2 $11 {remains equal.} b3 18. Nc3) 17... a5 $1 $17 {[%mdl 1024] Black has strong compensation.} 18. Qc2 Qc5 19. Rfc1 Ba6 (19... Bd7 $17 20. e4 (20. Qxc4 Qxc4 21. Rxc4 Bb5 $17) 20... Ng4) 20. Nd4 Rfc8 21. Qa4 c3 22. Be1 Bc4 23. Ra1 {Hoping for Nc6.} Nd5 24. Qxa5 Qxa5 25. Rxa5 b3 26. Nxb3 Bxb3 27. e4 Nb4 {White must now prevent ...Nd3.} 28. Rxc3 Nc2 $36 {[%mdl 2048] Black fights for an advantage.} 29. Rb5 Nd4 {Threatens to win with ...Ne2+.} (29... Nxe1 {feels hotter.} 30. Rbxb3 Nxg2 31. Kxg2 g5 32. h4 gxh4 33. Rxb8 Rxb8 34. gxh4 Rb5) 30. Rxb8 Rxb8 31. Bf1 g5 32. f3 Bd1 33. Kg2 $1 Rb1 34. Bd3 (34. f4 $11) 34... Bxf3+ (34... Rb2+ $17 35. Kf1 Rxh2 36. Rc8+ Kg7) 35. Kf2 {Accuracy: White = 46%, Black = 53%.} 0-1

[Event "Bhopal GM Open 2019"]
[Site "Bhopal"]
[Date "2019.12.27"]
[Round "9.16"]
[White "Aditya Rawat"]
[Black "Franco Valencia, Angela"]
[Result "0-1"]
[WhiteElo "1600"]
[BlackElo "2167"]
[Annotator "TA"]
[PlyCount "80"]
[EventDate "2019.12.21"]
[EventType "swiss"]
[EventCountry "IND"]
[SourceTitle "playchess.com"]
[Source "ChessBase"]
[SourceQuality "1"]

{[%evp 11,80,12,20,13,30,0,7,-17,0,0,2,-33,-29,-30,-25,-26,-28,-28,-27,-32,-29,-43,-35,-47,-33,-58,-49,-50,-48,-40,4,0,0,0,0,0,0,0,0,0,0,0,9,0,3,0,0,0,0,-23,0,-6,2,0,0,-11,-9,-185,-138,-180,-193,-188,-164,-272,-272,-279,-280,-5804,-2104,-29999,-29995]} 1. c4 e5 2. g3 Nf6 3. Bg2 Nc6 4. Nf3 g6 5. O-O Bg7 6. Nc3 O-O 7. Rb1 {A29: English Opening: Four Knights Variation with 4 g3} (7. d4 exd4 8. Nxd4 Re8 9. Nc2 d6 10. Qd2 Bf5 11. Ne3 Ne4 12. Nxe4 Bxe4 13. f3 Bf5 14. Nxf5 gxf5 15. Qd3 Qe7 16. e3 Ne5 17. Qxf5 Nxc4 {1-0 (51) Dubov,D (2701)-Artemiev,V (2697) Moscow 2018}) 7... a5 8. a3 Re8 9. Qc2 {The position is equal.} d6 10. d3 Bg4 11. h3 Bxf3 12. Bxf3 Nd4 $36 {[%mdl 2048] White is under pressure.} 13. Qd1 Nxf3+ 14. exf3 Qd7 15. Kh2 c6 $146 ({Predecessor:} 15... d5 16. Bg5 c6 17. Na4 Rad8 {0-1 (33) Serafim Junior,A (1864)-Hopka,M (1677) Brasilia 2018}) 16. f4 b5 17. fxe5 dxe5 18. Ne4 Nxe4 19. dxe4 Qd4 20. Qc2 Red8 ({Much worse is} 20... bxc4 21. Be3 $14) 21. Be3 Qd3 22. Qxd3 Rxd3 23. cxb5 cxb5 24. Rfd1 Rad8 25. Rxd3 Rxd3 $11 {[%mdl 4096] Endgame KRB-KRB} 26. Rc1 {[#] White threatens Rc8+ and mate.} h6 (26... Bf8 {seems wilder.} 27. Rc2 a4 28. g4 Bd6 29. Kg2 Kf8) 27. Kg2 Rb3 28. Rc2 Bf8 29. Bd2 a4 $1 30. Ba5 b4 31. axb4 Bxb4 32. Rc8+ Kg7 33. Bc7 $1 {[%cal Rc7e5]} f6 34. Ra8 $2 (34. Bd8 $1 $11) 34... Rxb2 {[#] And now ...a3 would win.} 35. Rxa4 Bc5 36. g4 Bxf2 {Hoping for ...Bb6+.} 37. Rc4 (37. Kf1 {might work better.}) 37... h5 $19 38. Kf3 Bd4 39. Bd6 $2 (39. gxh5 gxh5 40. Rc6) 39... h4 {[%csl Gd4][%cal Rb2f2]} 40. Rc6 Kh6 {Accuracy: White = 33%, Black = 67%.} 0-1

[Event "Bhopal GM Open 2019"]
[Site "Bhopal"]
[Date "2019.12.27"]
[Round "9.17"]
[White "Mahindrakar Indrajeet"]
[Black "Chudasama Ankit"]
[Result "1-0"]
[WhiteElo "2042"]
[BlackElo "1822"]
[Annotator "NA RC"]
[PlyCount "133"]
[EventDate "2019.12.21"]
[EventType "swiss"]
[EventCountry "IND"]
[SourceTitle "playchess.com"]
[Source "ChessBase"]
[SourceQuality "1"]
[TimeControl "5400+30"]

1. e4 {[%emt 0:00:55]} c5 {[%emt 0:00:00]} 2. c3 {[%emt 0:00:13]} Nf6 {[%emt 0:00:00]} 3. e5 {[%emt 0:00:10]} Nd5 {[%emt 0:00:00]} 4. g3 {[%emt 0:01:21]} d6 $15 {[%emt 0:00:36]} 5. exd6 e6 {[%emt 0:00:08]} 6. Bg2 Bxd6 {[%emt 0:00:07]} 7. Nf3 {[%emt 0:00:49]} Nc6 {[%emt 0:00:06]} 8. O-O {[%emt 0:00:24]} O-O {[%emt 0:00:06]} 9. d4 {[%emt 0:00:31]} cxd4 {[%emt 0:00:06]} 10. Nxd4 {[%emt 0:01:56]} Nxd4 {[%emt 0:00:06]} 11. Qxd4 {[%emt 0:00:05]} Qc7 {[%emt 0:00:05]} 12. Nd2 {[%emt 0:01:15]} Bd7 {[%emt 0:00:08]} 13. Qd3 Bc6 {[%emt 0:05:50]} 14. Ne4 {[%emt 0:05:23]} Be7 {[%emt 0:01:01]} 15. Qe2 {[%emt 0:09:07]} Rac8 {[%emt 0:05:09]} 16. Re1 {[%emt 0:08:56]} Rfd8 {[%emt 0:03:34]} 17. h4 {[%emt 0:03:27]} h6 {[%emt 0:01:16]} 18. Nd2 {[%emt 0:25:19]} b5 {[%emt 0:14:44]} 19. Nf3 {[%emt 0:03:14]} Bf6 {[%emt 0:01:49]} 20. Nh2 {[%emt 0:14:18]} b4 {[%emt 0:17:49]} 21. c4 {[%emt 0:02:36]} Nb6 {[%emt 0:00:25]} 22. Ng4 {[%emt 0:00:46]} Bd4 {[%emt 0:00:51]} 23. Bf4 {[%emt 0:05:25]} e5 {[%emt 0:09:53]} 24. Nxe5 {[%emt 0:11:12]} Bxg2 {[%emt 0:00:20]} 25. Kxg2 {[%emt 0:02:12]} Bxe5 {[%emt 0:00:24]} 26. Bxe5 {[%emt 0:00:45]} Qxc4 {[%emt 0:01:34]} 27. Qf3 {[%emt 0:00:18]} Rd3 {[%emt 0:01:50]} 28. Re3 {[%emt 0:01:43]} Rxe3 {[%emt 0:00:24]} 29. fxe3 {[%emt 0:00:01]} Qc2+ {[%emt 0:02:39]} 30. Kh3 {[%emt 0:00:06]} Rc5 {[%emt 0:00:11]} 31. Bd4 {[%emt 0:01:10]} Rf5 {[%emt 0:00:27]} 32. Rc1 {[%emt 0:00:54]} Qxc1 33. Qxf5 {[%emt 0:00:01]} Qh1+ {[%emt 0:01:41]} 34. Kg4 {[%emt 0:00:01]} Qd1+ {[%emt 0:08:33]} 35. Kh3 {[%emt 0:00:47]} h5 {[%emt 0:00:01]} 36. Qe4 {[%emt 0:01:22]} Nc4 {[%emt 0:04:14]} 37. Qa8+ {[%emt 0:00:31]} Kh7 {[%emt 0:01:33]} 38. Qe4+ g6 {[%emt 0:00:10]} 39. Qa8 {[%emt 0:01:04]} Qg4+ {[%emt 0:06:13]} 40. Kh2 {[%emt 0:00:09]} Qe2+ {[%emt 0:00:19]} 41. Qg2 Qxg2+ {[%emt 0:02:06]} 42. Kxg2 {[%emt 0:00:45]} a6 {[%emt 0:01:44]} 43. Kf3 {[%emt 0:00:41]} Nd2+ {[%emt 0:00:15]} 44. Kf4 {[%emt 0:00:45]} Kg8 {[%emt 0:00:35]} 45. b3 {[%emt 0:00:28]} Nb1 {[%emt 0:02:04]} 46. Ke4 {[%emt 0:00:40]} Nd2+ {[%emt 0:00:09]} 47. Kd3 {[%emt 0:00:30]} Nf1 {[%emt 0:00:05]} 48. Be5 {[%emt 0:00:10]} f6 {[%emt 0:00:13]} 49. Bc7 {[%emt 0:00:49]} Kf7 {[%emt 0:00:06]} 50. g4 {[%emt 0:00:45]} g5 51. Ke2 {[%emt 0:00:40]} gxh4 {[%emt 0:02:08]} 52. Kxf1 {[%emt 0:00:24]} hxg4 {[%emt 0:00:04]} 53. Bd6 {[%emt 0:00:30]} Ke6 {[%emt 0:00:34]} 54. Bxb4 {[%emt 0:00:04]} Kf5 {[%emt 0:00:24]} 55. Be1 {[%emt 0:00:27]} g3 {[%emt 0:00:12]} 56. Kg2 {[%emt 0:01:06]} Kg4 {[%emt 0:00:05]} 57. b4 {[%emt 0:00:27]} h3+ {[%emt 0:00:04]} 58. Kh1 {[%emt 0:00:32]} Kf3 {[%emt 0:00:06]} 59. Bxg3 {[%emt 0:00:42]} Kxg3 {[%emt 0:02:33]} 60. a4 {[%emt 0:00:00]} Kf3 {[%emt 0:00:30]} 61. b5 {[%emt 0:00:20]} axb5 {[%emt 0:00:25]} 62. axb5 {[%emt 0:00:23]} Kxe3 {[%emt 0:00:06]} 63. b6 {[%emt 0:00:06]} f5 {[%emt 0:00:03]} 64. b7 {[%emt 0:00:11]} f4 65. b8=Q {[%emt 0:00:17]} f3 {[%emt 0:00:05]} 66. Kg1 {[%emt 0:00:42]} Ke2 {[%emt 0:01:14]} 67. Qh2+ {[%emt 0:00:11]} 1-0

[Event "Bhopal GM Open 2019"]
[Site "Bhopal"]
[Date "2019.12.27"]
[Round "9.18"]
[White "Love Jindal"]
[Black "Sri Sai Baswanth P"]
[Result "0-1"]
[WhiteElo "1714"]
[BlackElo "2027"]
[Annotator "NA RC"]
[PlyCount "118"]
[EventDate "2019.12.21"]
[EventType "swiss"]
[EventCountry "IND"]
[SourceTitle "playchess.com"]
[Source "ChessBase"]
[SourceQuality "1"]
[TimeControl "5400+30"]

1. d4 {[%emt 0:00:00]} Nf6 {[%emt 0:04:28]} 2. c4 {[%emt 0:00:00]} c5 {[%emt 0:00:04]} 3. d5 {[%emt 0:00:00]} e6 {[%emt 0:00:05]} 4. Nc3 {[%emt 0:00:00]} exd5 {[%emt 0:00:05]} 5. cxd5 {[%emt 0:00:03]} d6 {[%emt 0:00:03]} 6. e4 {[%emt 0:00:03]} g6 {[%emt 0:00:04]} 7. f4 {[%emt 0:00:04]} Bg7 {[%emt 0:00:04]} 8. Bb5+ {[%emt 0:00:03]} Nfd7 {[%emt 0:00:05]} 9. Nf3 {[%emt 0:00:04]} a6 {[%emt 0:00:09]} 10. Bd3 {[%emt 0:00:01]} b5 {[%emt 0:00:15]} 11. O-O {[%emt 0:00:08]} O-O {[%emt 0:00:17]} 12. a3 {[%emt 0:00:30]} Bb7 {[%emt 0:00:30]} 13. Kh1 {[%emt 0:03:18]} Qe7 {[%emt 0:15:20]} 14. f5 {[%emt 0:30:53]} Ne5 {[%emt 0:01:24]} 15. Bg5 {[%emt 0:03:13]} Bf6 {[%emt 0:00:05]} 16. Bxf6 {[%emt 0:00:24]} Qxf6 {[%emt 0:00:06]} 17. fxg6 {[%emt 0:01:33]} hxg6 {[%emt 0:05:45]} 18. Qd2 {[%emt 0:11:08]} Nbd7 {[%emt 0:01:27]} 19. Ng5 {[%emt 0:00:05]} Qh8 {[%emt 0:01:01]} 20. Be2 {[%emt 0:02:42]} Qh6 {[%emt 0:04:47]} 21. Qf4 {[%emt 0:00:39]} c4 {[%emt 0:01:51]} 22. Nd1 {[%emt 0:05:10]} f6 {[%emt 0:18:42]} 23. Ne6 {[%emt 0:00:10]} Qxf4 {[%emt 0:00:06]} 24. Rxf4 {[%emt 0:00:08]} Rf7 {[%emt 0:00:05]} 25. Nc3 {[%emt 0:04:55]} Nf8 {[%emt 0:04:40]} 26. Raf1 {[%emt 0:00:30]} Re8 {[%emt 0:00:30]} 27. Nd4 {[%emt 0:07:14]} Kg7 {[%emt 0:05:02]} 28. h4 {[%emt 0:00:04]} Bc8 {[%emt 0:00:44]} 29. h5 {[%emt 0:07:29]} Nh7 {[%emt 0:03:24]} 30. hxg6 {[%emt 0:09:07]} Nxg6 {[%emt 0:00:05]} 31. Rf5 {[%emt 0:00:21]} Ng5 {[%emt 0:00:30]} 32. Bf3 {[%emt 0:08:08]} Rh8+ {[%emt 0:00:05]} 33. Kg1 {[%emt 0:00:02]} Nh4 {[%emt 0:00:10]} 34. Rf4 {[%emt 0:00:09]} Ng6 {[%emt 0:00:58]} 35. Rf5 {[%emt 0:01:23]} Kf8 {[%emt 0:03:24]} 36. Bg4 {[%emt 0:01:34]} Bxf5 {[%emt 0:01:43]} 37. Bxf5 {[%emt 0:00:07]} Ne5 {[%emt 0:01:03]} 38. Be6 {[%emt 0:00:05]} Rfh7 {[%emt 0:02:11]} 39. Rxf6+ {[%emt 0:00:11]} Ke7 {[%emt 0:00:05]} 40. Rf5 {[%emt 0:00:54]} Ng4 {[%emt 0:01:25]} 41. Kf1 {[%emt 0:02:14]} Nxe6 {[%emt 0:01:18]} 42. dxe6 {[%emt 0:00:54]} Ne3+ {[%emt 0:00:07]} 43. Ke2 {[%emt 0:00:04]} Nxf5 {[%emt 0:00:07]} 44. Nd5+ {[%emt 0:00:08]} Kf8 {[%emt 0:02:23]} 45. exf5 {[%emt 0:00:07]} Rh4 {[%emt 0:00:27]} 46. Ke3 {[%emt 0:00:46]} R8h5 {[%emt 0:02:15]} 47. e7+ {[%emt 0:01:39]} Kf7 {[%emt 0:00:14]} 48. Ne6 {[%emt 0:00:14]} Rh6 {[%emt 0:07:16]} 49. Nd8+ {[%emt 0:03:43]} Ke8 {[%emt 0:00:35]} 50. Nc6 {[%emt 0:00:10]} Rh8 {[%emt 0:03:52]} 51. f6 {[%emt 0:00:40]} R4h5 {[%emt 0:00:54]} 52. Ke4 {[%emt 0:00:29]} Rg5 {[%emt 0:03:52]} 53. Nd8 {[%emt 0:01:01]} Re5+ {[%emt 0:00:06]} 54. Kd4 {[%emt 0:00:20]} Rh4+ {[%emt 0:00:03]} 55. Kc3 {[%emt 0:00:38]} Rxd5 {[%emt 0:00:04]} 56. Ne6 {[%emt 0:00:23]} Re5 {[%emt 0:00:19]} 57. Nc7+ {[%emt 0:01:21]} Kf7 {[%emt 0:00:08]} 58. Kb4 {[%emt 0:00:20]} c3+ {[%emt 0:00:26]} 59. Kxc3 {[%emt 0:00:08]} Rc4+ {[%emt 0:00:04]} 0-1